000 00369nam a22001217a 4500
082 _aTHE 200
100 _aM SHAHID ISHAQUE,
_972787
245 _aTH-SOF-0745-ANALYZING THE INFLUENCE OF PMO MATURITY ON TELECOM BUSINESSSUCCESS
260 _aNUST COLLEGE OF EME
_bISLAMABAD
_c2001
650 _a MS-EM-3 MSTHESIS
_972739
700 _aDR NAWAR KHAN
_918465
942 _cCF
999 _c578764
_d578764